000 00647nam a2200241Ia 4500
003 OSt
005 20221005081419.0
006 a|||||r|||| 00| 0
007 ta
008 221004b |||||||| |||| 00| 0 eng d
024 _a45808
037 _cTextual
040 _aCRL
_cCRL
_beng
041 _2eng
_aeng
082 _aX5:5,1N4, N4
245 0 _aGatt Uruguay round agreement
260 _aNew Delhi
_bRajiv Gandhi Institute for Contemporary Studies India
_c1994
300 _a32p.
_ccm.
490 _aRGICS Proceedings No. 3, 1994
650 _aECONOMICS
942 _hX5:5,1N4, N4
_cTEXL
_2cc
999 _c987656
_d987656